| 000 | 00385nam a22001697a 4500 | ||
|---|---|---|---|
| 003 | OSt | ||
| 005 | 20260312124522.0 | ||
| 008 | 260312b |||||||| |||| 00| 0 eng d | ||
| 040 | _cFLL | ||
| 041 |
_aHINDI _dHINDI |
||
| 100 |
_aPANDEY, JAYNARAYAN _91131821 |
||
| 245 | _aAPKRITYA VIDHI | ||
| 250 | _a21st | ||
| 260 |
_aPRAYAGRAJ _bCLA _c2025 |
||
| 300 | _a492 | ||
| 942 |
_2CC _cTB _n0 |
||
| 999 |
_c1715233 _d1715233 |
||